000 00880nam a2200253Ia 4500
003 OSt
005 20221005111441.0
006 a|||||r|||| 00| 0
007 ta
008 221004b |||||||| |||| 00| 0 hin d
020 _a8170551730 (hbk)
_c395
024 _a104383
037 _b372, 17/02/2011, Vani Prakashan
_cTextual
040 _aCRL
_cCRL
_bhin
041 _2hin
_ahin
082 _aO152,1N3:g, P2
100 _aप्रेमशंकर
245 0 _aहिंदी स्वच्छंदतावादी काव्य
246 _aHiandī svachchhandatāvādī kāvya
260 _aनई दिल्ली
_bवाणी प्रकाशन भारत
_c2002
300 _a325पृ0
_ccm.
942 _hO152,1N3:g, P2
_cTEXL
_2cc
999 _c1021868
_d1021868